Ultimate Country Quiz (Hardest Version): Part 3 - Statistics

General Stats
  • This quiz has been taken 4 times
  • The average score is 45 of 370
Answer Stats
Hint Answer % Correct
English
100%
French
100%
German
100%
San Marino
100%
Slovak
100%
Swedish / Swede
100%
Cape Town
67%
Dollar
67%
Dutch
67%
Finnish
67%
Italian
67%
Russian
67%
Samoan
67%
São Tomé
67%
São Toméan / Santomean
67%
Saudi / Saudi Arabian
67%
Senegalese
67%
Singapore
67%
250px-Flag_of_the_Solomon_Islands.svg.png Solomon Islands
67%
Somali
67%
Spaniard / Spanish
67%
Spanish
67%
St. Eustatian / Statian / Dutch
67%
Swedish
67%
Swiss
67%
Thai
67%
250px-Flag_of_Tuvalu.svg.png Tuvalu
67%
250px-Flag_of_Ukraine.svg.png Ukraine
67%
250px-Flag_of_the_United_States.svg.png United States of America
67%
Uzbek
67%
Uzbek / Uzbekistani
67%
Vatican
67%
Vatican City
67%
Vietnamese / Viet
67%
Afrikaans
33%
Apia
33%
Arabic
33%
Basse-Terre
33%
Belgrade
33%
Bern
33%
Bratislava
33%
Dakar
33%
Damascus
33%
Dinar
33%
Bloemfontein
33%
Johannesburg
33%
Euro
33%
Franc
33%
Freetown
33%
Honiara
33%
Juba
33%
Khartoum
33%
250px-Flag_of_Sweden.svg.png Kingdom of Sweden
33%
Korean
33%
Lira
33%
Ljubljana
33%
Madrid
33%
Mogadishu
33%
Norwegian
33%
Paramaribo
33%
Peso
33%
Portuguese
33%
Port Vila
33%
Pound
33%
Pretoria
33%
Rial
33%
Riyadh
33%
Romani
33%
Rupee
33%
1920px-Flag_of_Scotland.svg.png Scotland
33%
Scottish / Scots
33%
Seoul
33%
Slovene
33%
Slovene / Slovenian
33%
South African
33%
South Sudanese
33%
Sri Jayawardenepura Kotte
33%
Sri Lankan
33%
Stockholm
33%
Sudanese
33%
Swahili
33%
Syrian
33%
Tajik
33%
Tajikistani / Tajik
33%
Tonga
33%
Tunis
33%
Turkish / Turk
33%
Turkmen
33%
250px-Flag_of_Turkmenistan.svg.png Turkmenistan
33%
Turkmenistani / Turkmen
33%
250px-Flag_of_the_United_Arab_Emirates.svg.png United Arab Emirates
33%
Victoria
33%
Vietnamese
33%
Zulu
33%
Zurich
33%
Abu Dhabi
0%
Aden
0%
American
0%
Ankara
0%
Ashgabat
0%
Atafu
0%
Atauru
0%
Baht
0%
Bangkok
0%
Bari
0%
Bekais
0%
Bislama
0%
Bolívar
0%
250px-Flag_of_Venezuela.svg.png Bolivarian Republic of Venezuela
0%
British
0%
Bunak
0%
Caracas
0%
Cardiff
0%
Centavo
0%
1920px-Flag_of_Ceuta.svg.png Ceuta
0%
Ceutan
0%
Chaguanas
0%
Charlotte Amalie
0%
Chewa
0%
Chibarwe
0%
Da Nang
0%
Dar es Salaam
0%
250px-Flag_of_S%C3%A3o_Tom%C3%A9_and_Pr%C3%ADncipe.svg.png Democratic Republic of Sao Tome and Principe
0%
250px-Flag_of_East_Timor.svg.png Democratic Republic of Timor-Leste
0%
250px-Flag_of_Sri_Lanka.svg.png Democratic Socialist Republic of Sri Lanka
0%
250px-Flag_of_Mayotte_%28Local%29.svg.png Department of Mayotte
0%
Dili
0%
Dinka
0%
Diola
0%
Dirham
0%
Baikeno
0%
Colombo
0%
Formosan
0%
Hakka
0%
Hokkien
0%
Matsu
0%
Ndebele
0%
Djerba Berber / Chelha
0%
Dồng
0%
Dobra
0%
Dodoma
0%
Dogana
0%
Dubai
0%
Dushanbe
0%
East Timorese / Timorese
0%
Edinburgh
0%
Emirati
0%
Fataluku
0%
250px-Flag_of_Somalia.svg.png Federal Republic of Somalia
0%
Fort-de-France
0%
Funafuti
0%
Galoli
0%
Glasgow
0%
Gold
0%
Grand Turk / Cockburn Town
0%
Guadeloupean
0%
Guadeloupean Creole
0%
Guilder
0%
Habun
0%
Hanoi
0%
Harare
0%
Hargeisa
0%
Ho Chi Minh City
0%
Hryvnia
0%
Idalaka
0%
250px-Flag_of_Samoa.svg.png Independent State of Samoa
0%
Istanbul
0%
Judeo-Tunisian Arabic
0%
Kalanga
0%
Kampala
0%
Karakalpak
0%
Kawaimina
0%
Kemak
0%
Khoisan
0%
Kiev / Kyiv
0%
250px-Flag_of_Saudi_Arabia.svg.png Kingdom of Saudi Arabia
0%
250px-Flag_of_Spain.svg.png Kingdom of Spain
0%
250px-Flag_of_Thailand.svg.png Kingdom of Thailand
0%
250px-Flag_of_Tonga.svg.png Kingdom of Tonga
0%
Korean Sign Language
0%
Krio
0%
Krona
0%
Krone
0%
Kurdish
0%
Kwacha
0%
Laayoune
0%
Latin
0%
Leone
0%
Les Saintes Creole
0%
Lomé
0%
London
0%
Longyearbyen
0%
Lower Prince's Quarter
0%
Luo
0%
Lusaka
0%
Ma'di
0%
Mahoran
0%
Makalero
0%
Makasae
0%
Makuva
0%
Malay
0%
Mambai
0%
Mamoudzou
0%
Manat
0%
Mandarin
0%
Mandinka
0%
Martinican French Creole
0%
Martinican / Martiniquais / Martiniquaise
0%
Mata Utu
0%
Matmata Berber
0%
Meänkieli
0%
1920px-Flag_of_Melilla.svg.png Melilla
0%
Melillan
0%
Moldovan (Romanian)
0%
Montevideo
0%
Murle
0%
Nambya
0%
Ndau
0%
New Taipei City
0%
New York City
0%
Ni-Vanuatu
0%
Nuer
0%
Nukuʻalofa
0%
Oranjestad
0%
250px-Flag_of_Uruguay.svg.png Oriental Republic of Uruguay
0%
Ossetian
0%
Otuho
0%
Ouguiya
0%
Paʻanga
0%
Peseta
0%
Philipsburg
0%
Pointe-à-Pitre
0%
Port of Spain
0%
1920px-Flag_of_Transnistria_%28state%29.svg.png Pridnestrovian Moldavian Republic
0%
Providenciales
0%
Pulaar
0%
Rand
0%
960px-Guadaloupe_logo.svg.png Region of Guadeloupe
0%
1920px-Flag_of_the_Republic_of_China.svg.png Republic of China
0%
250px-Flag_of_South_Korea.svg.png Republic of Korea
0%
250px-Flag_of_San_Marino.svg.png Republic of San Marino
0%
250px-Flag_of_Senegal.svg.png Republic of Senegal
0%
250px-Flag_of_Serbia.svg.png Republic of Serbia
0%
250px-Flag_of_Seychelles.svg.png Republic of Seychelles
0%
250px-Flag_of_Sierra_Leone.svg.png Republic of Sierra Leone
0%
250px-Flag_of_Singapore.svg.png Republic of Singapore
0%
250px-Flag_of_Slovenia.svg.png Republic of Slovenia
0%
1920px-Flag_of_Somaliland.svg.png Republic of Somaliland
0%
250px-Flag_of_South_Africa.svg.png Republic of South Africa
0%
1920px-Flag_of_South_Ossetia.svg.png Republic of South Ossetia
0%
250px-Flag_of_South_Sudan.svg.png Republic of South Sudan
0%
250px-Flag_of_Suriname.svg.png Republic of Suriname
0%
250px-Flag_of_Tajikistan.svg.png Republic of Tajikistan
0%
250px-Flag_of_Sudan.svg.png Republic of the Sudan
0%
250px-Flag_of_Trinidad_and_Tobago.svg.png Republic of Trinidad and Tobago
0%
250px-Flag_of_Tunisia.svg.png Republic of Tunisia
0%
250px-Flag_of_Turkey.svg.png Republic of Türkiye
0%
250px-Flag_of_Uganda.svg.png Republic of Uganda
0%
250px-Flag_of_Uzbekistan.svg.png Republic of Uzbekistan
0%
250px-Flag_of_Vanuatu.svg.png Republic of Vanuatu
0%
250px-Flag_of_Yemen.svg.png Republic of Yemen
0%
250px-Flag_of_Zambia.svg.png Republic of Zambia
0%
250px-Flag_of_Zimbabwe.svg.png Republic of Zimbabwe
0%
250px-Proposed_flag_of_R%C3%A9union_%28VAR%29.svg.png Réunion
0%
Réunion Creole
0%
Réunionese
0%
Riyal
0%
Romansh
0%
Ruble
0%
1920px-Flag_of_the_Sahrawi_Arab_Democratic_Republic.svg.png Sahrawi Arab Democratic Republic
0%
Sahrawi / Saharawi / Western Saharan
0%
Saint-Denis
0%
1920px-Flag_of_Sint_Eustatius.svg.png Saint Eustatius
0%
Sámi
0%
Sammarinese
0%
Sanaa
0%
Scots
0%
Scottish Gaelic
0%
Sepedi
0%
Serbian
0%
Serer
0%
Sesotho
0%
Seychellois Creole
0%
Seychellois / Seychelloise
0%
Shangani
0%
Shilling
0%
Shona
0%
Sierra Leonean
0%
Singaporean
0%
Sinhala
0%
1920px-Flag_of_Sint_Maarten.svg.png Sint Maarten
0%
Sint Maartener
0%
250px-Flag_of_Slovakia.svg.png Slovak Republic
0%
250px-Flag_of_Vietnam.svg.png Socialist Republic of Viet Nam
0%
Solomon Islander / Solomonese
0%
Somalilander
0%
Somoni
0%
Soninke
0%
Sotho
0%
South African Sign Language
0%
Standard Chinese
0%
Sum
0%
Surinamese
0%
1280px-Flag_of_Norway.svg.png Svalbard
0%
Swazi
0%
250px-Flag_of_Switzerland_%28Pantone%29.svg.png Swiss Confederation
0%
250px-Flag_of_Syria_%282025-%29.svg.png Syrian Arab Republic
0%
Taipei
0%
Taiwanese
0%
Taiwan Sign Language
0%
Tālā
0%
Tamil
0%
Tampines
0%
Tanzanian
0%
Tashkent
0%
1920px-Flag-of-Martinique.svg.png Territorial Collectivity of Martinique
0%
1920px-Flag_of_Wallis_and_Futuna.svg.png Territory of the Wallis and Futuna Islands
0%
Tetum
0%
Tifariti
0%
Tindouf / Rabuni
0%
Tiraspol
0%
Togolese
0%
250px-Flag_of_Togo.svg.png Togolese Republic
0%
Tokelauan
0%
1920px-Flag_of_Tokelau.svg.png Tokelau Islands
0%
Tokodede
0%
Tongan
0%
Transnistrian
0%
Trinidad and Tobago creole
0%
Trinidadians / Tobagonians
0%
Tskhinvali
0%
Tsonga
0%
Tswana
0%
Tunisian
0%
Tunisian Arabic
0%
Turkish
0%
Turks and Caicos Islander / Turks Islander / Caicos Islander
0%
1920px-Flag_of_the_Turks_and_Caicos_Islands.svg.png Turks and Caicos Islands
0%
Tuvaluan
0%
Ugandan
0%
Ukrainian
0%
250px-Flag_of_the_United_Kingdom_%281-2%29.svg.png United Kingdom of Great Britain and Northern Ireland
0%
250px-Flag_of_Tanzania.svg.png United Republic of Tanzania
0%
Uruguayan
0%
Uruguayan Sign Language
0%
250px-Flag_of_Vatican_City_%282023%E2%80%93present%29.svg.png Vatican City State
0%
Vatu
0%
Venda
0%
Venezuelan
0%
Virgin Islander / U.S. Virgin Islander
0%
Virgin Islands Creole
0%
1920px-Flag_of_the_United_States_Virgin_Islands.svg.png Virgin Islands of the United States
0%
1920px-Flag_of_Wales.svg.png Wales
0%
Wallisian / Futunan
0%
Washington, D.C.
0%
Welsh
0%
Wolof
0%
Won
0%
Wuqiu / Putian
0%
Xhosa
0%
Yemeni / Yemenite
0%
Yiddish
0%
Zambian
0%
Zande
0%
Zarin
0%
Zimbabwean
0%
Zimbabwean sign language
0%
No matching quizzes found
Score Distribution
Percent of People with Each Score
Percentile by Number Answered
Your Score History
You have not taken this quiz